Communism from Marx's Manifesto to 20th-century reality
Salvato in:
| Autore principale: | |
|---|---|
| Natura: | Libro |
| Lingua: | inglese |
| Pubblicazione: |
Nueva York
Dell Publishing
1974
|
| Serie: | Studies in Contemporary Politics
|
| Soggetti: | |
| Tags: |
Aggiungi Tag
Nessun Tag, puoi essere il primo ad aggiungerne!!
|
MARC
| LEADER | 00000nam a2200000 a 4500 | ||
|---|---|---|---|
| 001 | UCR6838 | ||
| 003 | CL-VaPUC | ||
| 008 | 980424e19740000US |||||||||||||||||eng|d | ||
| 082 | 0 | 4 | |a 335.4 |b FOR |2 21 |
| 100 | 0 | |a Forman, James D |e author |9 408004 | |
| 245 | 1 | 0 | |a Communism from Marx's Manifesto to 20th-century reality |
| 300 | |a 158 p | ||
| 600 | 0 | |a Marx, Karl Heinrich, |d 1818-1883 |9 861123 | |
| 942 | |c BK | ||
| 945 | |d 19980424 00:00:00 |a rbrito | ||
| 260 | |a Nueva York |b Dell Publishing |c 1974 | ||
| 650 | 0 | |a Comunismo |9 255588 | |
| 650 | 7 | |a HISTORIA POLITICA SIGLO 20 |2 CL-VaPUC |9 325844 | |
| 651 | 0 | |a Europa |9 255156 | |
| 651 | 0 | |a China |9 257545 | |
| 583 | |a last modification |c 20160912 03:23:50 |k Rodrigo Vera | ||
| 490 | 0 | |a Studies in Contemporary Politics | |
| 999 | |c 268743 |d 268741 | ||
| 952 | |0 0 |1 0 |4 0 |6 335_400000000000000_FOR_1974 |7 0 |8 A |9 302041 |a BIBDER |b BIBDER |d 2019-11-20 |i 340899K |o 335.4 FOR 1974 |p 340899K |r 2023-01-25 |w 2019-11-20 |y BK |k DER | ||